000 00820nam a22002297a 4500
999 _c65067
_d65067
005 20240530110805.0
008 190115s2018 ua a g 000 0 ara d
017 _a2018/10048
_bمصر. دار الكتب
040 _aEG-CaGPL
_cEG-CaGPL
082 0 4 _221
_a155.418 /
_bن ع
100 0 _aنبيلة الشوربجى
245 1 0 _aعلم نفس اللعب فى مرحلة ما قبل المدرسة بين النظرية والتطبيق /
_cتأليف نبيلة الشوربجى
250 _aط.4
260 _aالقاهرة :
_bالمؤلف،
_c2018 .
300 _a222 ص. :
_bايض ؛
_c24 سم.
650 0 7 _2qrmak
_aعلم نفس اللعب
650 0 7 _aانواع اللعب
_2qrmak
650 0 7 _aاللعب
_2qrmak
651 _2qrmak
942 _2ddc
_cBK